| 000 | 00347nam a22001337a 4500 | ||
|---|---|---|---|
| 005 | 20260424124635.0 | ||
| 020 | _a9789390680788 | ||
| 082 | _a635 WES.P | ||
| 100 |
_aWest, R. Barton _913844 |
||
| 245 | _aPractical gardening for for indian amateurs / | ||
| 260 |
_aJaipur : _bHilltop publications , _cc2024. |
||
| 300 | _a384 p. | ||
| 942 |
_2ddc _cBK |
||
| 999 |
_c758992 _d758992 |
||